| 000 | 01038aam a2200289 i 4500 | ||
|---|---|---|---|
| 001 | 320 | ||
| 003 | CO-MdBIC | ||
| 005 | 20211002094750.0 | ||
| 008 | 211002t2001 ck ||||| |||| 00| 0 eng d | ||
| 020 | _a958-9289-13-4 | ||
| 040 |
_bspa. _aCO-MdFUSB _cCO-MdFUSB _dCO-MdFUSBC _erda |
||
| 041 | _aspa | ||
| 082 | 0 | 4 | _aR 413.61 S4864d |
| 100 | 1 | _aSerna M., J. Alberto | |
| 245 | 1 | 0 |
_aDiccionario de terminología gramatical y otras cuestiones idiomáticas : Aplicación de prefijos y sufijos. Frases y locusiones latinas de uso frecuente en nuestro idioma. Parejas o grupos de voces poliformas. Vocabulario de apoyo. Apéndice de frases y locuciones latinas. / J. Alberto Serna _c/ |
| 260 | _aBogotá, Colombia : Idioma | ||
| 264 | 1 |
_aBogotá, Colombia : _bIdioma, _c[2001] |
|
| 264 | 4 | _c© 2001 | |
| 300 |
_a366 Pág. _c; |
||
| 336 |
_2rdacontent _atexto _btxt |
||
| 337 |
_2rdamedia _asin mediación _bn |
||
| 338 |
_2rdacarrier _avolumen _bnc |
||
| 653 | _aNo diga | ||
| 653 | _aDiga | ||
| 942 | _cBK | ||
| 945 | _aEstudiante | ||
| 999 |
_c31856 _d31856 |
||